Kompresory /

Salvato in:
Dettagli Bibliografici
Autori principali: Chlumský, Vladimír (Autore), Liška, Antonín (Autore)
Natura: Libro
Lingua:ceco
Pubblicazione: Praha : SNTL, 1982
Edizione:2.vyd.
Tags: Aggiungi Tag
Nessun Tag, puoi essere il primo ad aggiungerne!!

MARC

LEADER 00000nam a22000003a 4500
001 stu8284
005 20230825100452.4
008 951120s1982----cs------------------cze-d
040 |a STU  |b slo 
041 0 |a cze 
044 |a cs 
080 |a 621.9 
100 1 |a Chlumský, Vladimír  |4 aut 
245 1 |a Kompresory /  |c [aut.] Chlumský,Vladimír; Liška,Antonín 
250 |a 2.vyd. 
260 |a Praha :  |b SNTL,  |c 1982 
300 |a 195 s 
700 1 |a Liška, Antonín  |4 aut 
996 |b 284EK04967  |c E*62092  |l EE0101  |s P  |a 0  |w stu8284_0001 
996 |c V*22772/O-8971  |l VV18  |s P  |a 0  |w stu8284_0002 
996 |c V*22773/O-8971a  |l VV18  |s P  |a 0  |w stu8284_0003 
996 |b E50719  |c E*50719  |l EE15  |s P  |a 0  |w stu8284_0004